Elder Scrolls IV Oblivion Knowledge Quiz - Statistics

General Stats
  • This quiz has been taken 119 times
  • The average score is 11 of 15
Answer Stats
Hint Answer % Correct
What is the name of the assassins guild dark brotherhood
97%
What province does the game take place cyrodiil
95%
What city/hold is destroyed at the beginning of the game kvatch
93%
What cult kills the emperor mythic dawn
93%
What is the capital of Cyrodiil imperial city
91%
Who are you trying to save in the main questline martin
90%
Who is the daedric prince trying to invade tamriel mehrunes dagon
78%
What is the strongest non dlc heavy armor daedric
73%
How many factions can you join 13
71%
What is the university in the imperial city called arcane university
71%
What is the name of the blades headquaters cloud ruler temple
61%
What is the name of the tower in the imperial city white gold tower
61%
Who do you meet after becoming the grand champion adoring fan
59%
What is the armor you get in the nine divines questline crusader
49%
How many oblivion gates can you close 60
47%
No matching quizzes found
Score Distribution
Percent of People with Each Score
Percentile by Number Answered
Your Score History
You have not taken this quiz